[Event "Wuerttemberg-chT Rapid"]
[Site "Boeblingen"]
[Date "2024.04.13"]
[Round "2.13"]
[White "Gabriel, Robert A"]
[Black "Zuferi, Enis"]
[Result "0-1"]
[WhiteElo "2161"]
[BlackElo "2406"]
[PlyCount "82"]
[EventDate "2024.04.13"]
[EventType "team-tourn"]
[EventRounds "9"]
[EventCountry "GER"]
[SourceTitle "CB17_2024"]
[SourceDate "2024.04.24"]
[SourceVersion "1"]
[SourceVersionDate "2024.04.24"]
[SourceQuality "1"]

1. d4 Nf6 2. Nf3 d5 3. c4 e6 4. Nc3 Bb4 5. Bg5 h6 6. Bxf6 Qxf6 7. e3 0-0 8. Rc1 Rd8 9. a3 Bf8 10. Be2 dxc4 11. 0-0 c5 12. Bxc4 cxd4 13. exd4 Nc6 14. d5 exd5 15. Nxd5 Qxb2 16. Rc2 Qxa3 17. Rc3 Qxc3 18. Nxc3 Rxd1 19. Rxd1 Bg4 20. h3 Bxf3 21. gxf3 Rd8 22. Rxd8 Nxd8 23. Kg2 Ne6 24. Ne2 Bd6 25. h4 Kf8 26. h5 Ke7 27. Kh3 a6 28. Kg4 b5 29. Bd3 Nc5 30. Bc2 Be5 31. f4 Bf6 32. f5 a5 33. Nf4 b4 34. Nd5+ Kd6 35. Nb6 b3 36. Bd1 b2 37. Bc2 Kc6 38. Nc4 Kb5 39. Nd2 Kb4 40. Nb1 a4 41. Nd2 Kc3 0-1

[Event "Titled Tuesday intern op 13th Feb Late"]
[Site "Chess.com INT"]
[Date "2024.02.13"]
[Round "1"]
[White "Baskakov, Egor"]
[Black "Zuferi, Enis"]
[Result "1-0"]
[WhiteElo "2215"]
[BlackElo "2412"]
[PlyCount "67"]
[EventDate "2024.02.13"]
[EventType "swiss (blitz)"]
[EventRounds "11"]
[EventCountry "USA"]
[SourceTitle "CB08_2024"]
[SourceDate "2024.02.21"]
[SourceVersion "1"]
[SourceVersionDate "2024.02.21"]
[SourceQuality "1"]

1. e4 c5 2. Nf3 d6 3. d4 cxd4 4. Nxd4 Nf6 5. Nc3 a6 6. a4 e5 7. Nde2 Be7 8. g3 Be6 9. Bg2 Nbd7 10. h3 h5 11. 0-0 Rc8 12. a5 Qc7 13. Be3 b5 14. axb6 Nxb6 15. b3 Qb7 16. Qd3 Ra8 17. Ra5 0-0 18. Rfa1 Bc8 19. Nd5 Nbxd5 20. exd5 Bd8 21. R5a4 Nd7 22. c4 Bb6 23. b4 Bxe3 24. Qxe3 Qc7 25. c5 Rb8 26. c6 Nf6 27. Nc3 h4 28. g4 Nh7 29. b5 axb5 30. Ra7 Qb6 31. Qxb6 Rxb6 32. Rc7 Rb8 33. Ne4 Rd8 34. Raa7 1-0

[Event "Basel Christmas op"]
[Site "Basel"]
[Date "2023.12.29"]
[Round "6"]
[White "Zuferi, Enis"]
[Black "Mattenberger, Matthias"]
[Result "1-0"]
[WhiteElo "2373"]
[BlackElo "2209"]
[PlyCount "41"]
[EventDate "2023.12.26"]
[EventType "swiss"]
[EventRounds "9"]
[EventCountry "SUI"]
[SourceTitle "CB02_2024"]
[SourceDate "2024.01.10"]
[SourceVersion "1"]
[SourceVersionDate "2024.01.10"]
[SourceQuality "1"]

1. Nf3 Nf6 2. c4 g6 3. Nc3 d5 4. cxd5 Nxd5 5. h4 Bg7 6. h5 Nc6 7. d4 Bf5 8. Rh4 Bf6 9. g4 Bxh4 10. gxf5 e6 11. fxe6 fxe6 12. Bh3 Rf8 13. Qd3 Rxf3 14. exf3 Ndb4 15. Qe4 Qxd4 16. Qxe6+ Ne7 17. Be3 Bxf2+ 18. Kxf2 Qh4+ 19. Kg2 Rd8 20. Qe5 Nc2 21. Bg5 1-0

[Event "Basel Christmas op"]
[Site "Basel"]
[Date "2023.12.28"]
[Round "4"]
[White "Zuferi, Enis"]
[Black "Stojanovic, Mihajlo"]
[Result "1/2-1/2"]
[WhiteElo "2373"]
[BlackElo "2487"]
[PlyCount "73"]
[EventDate "2023.12.26"]
[EventType "swiss"]
[EventRounds "9"]
[EventCountry "SUI"]
[SourceTitle "CB02_2024"]
[SourceDate "2024.01.10"]
[SourceVersion "1"]
[SourceVersionDate "2024.01.10"]
[SourceQuality "1"]

1. d4 d5 2. c4 e6 3. Nc3 Nf6 4. cxd5 exd5 5. Bg5 c6 6. e3 Be7 7. Bd3 Nbd7 8. Qc2 0-0 9. Nge2 Re8 10. 0-0 Nf8 11. f3 g6 12. a4 Ne6 13. Bh4 b6 14. a5 Bd7 15. axb6 axb6 16. Rxa8 Qxa8 17. Qb3 Qa7 18. h3 Nh5 19. Bf2 Bf8 20. g4 Nf6 21. Bh4 Bg7 22. e4 b5 23. Bf2 Ng5 24. e5 Nxf3+ 25. Kg2 Nd2 26. Qc2 Nde4 27. Bxe4 Nxe4 28. Nxe4 dxe4 29. Nc3 e3 30. Bxe3 Bxe5 31. Qf2 Bg7 32. Qxf7+ Kh8 33. Bg5 Rf8 34. Qe7 Re8 35. Qf7 Rf8 36. Qe7 Re8 37. Qf7 1/2-1/2

[Event "World-chT Rapid"]
[Site "Dusseldorf"]
[Date "2023.08.26"]
[Round "4.7"]
[White "Moussard, Jules"]
[Black "Zuferi, Enis"]
[Result "1-0"]
[WhiteElo "2661"]
[BlackElo "2367"]
[PlyCount "101"]
[EventDate "2023.08.26"]
[EventType "team-swiss (rapid)"]
[EventRounds "12"]
[EventCountry "GER"]
[SourceTitle "CBM 215 Extra"]
[Source "ChessBase"]
[SourceDate "2023.09.30"]
[SourceVersion "1"]
[SourceVersionDate "2023.09.30"]
[SourceQuality "1"]
[WhiteTeam "Chessbrah OFM"]
[BlackTeam "Heilbronn Hustlers"]
[WhiteTeamCountry "NOR"]
[BlackTeamCountry "GER"]

1. b3 e5 2. Bb2 Nc6 3. c4 Nf6 4. e3 d5 5. cxd5 Nxd5 6. a3 Bd6 7. d3 0-0 8. Nf3 Qe7 9. Nbd2 Nb6 10. Be2 f5 11. Qc2 Be6 12. 0-0 Kh8 13. b4 a6 14. Rfe1 Rae8 15. Rac1 h6 16. e4 Qf7 17. Nc4 Nxc4 18. dxc4 fxe4 19. Qxe4 Bf5 20. Qe3 e4 21. Nd4 Nxd4 22. Bxd4 Qg6 23. c5 Be7 24. Rcd1 c6 25. Qc3 Bh4 26. Be3 Bf6 27. Qc1 Bh3 28. Bf1 Rd8 29. Rxd8 Rxd8 30. Bf4 Bg4 31. Bd6 Re8 32. Qe3 Bg5 33. Bf4 Bh4 34. g3 Bf6 35. Bg2 Bf5 36. h3 Qf7 37. Rd1 Kh7 38. Kh2 Qa2 39. g4 Bg6 40. Rd7 Re7 41. Rxe7 Bxe7 42. Bxe4 Bxe4 43. Qxe4+ Kg8 44. Bg3 Bf6 45. h4 Qxa3 46. g5 hxg5 47. Qe8+ Kh7 48. Qh5+ Kg8 49. hxg5 Bb2 50. g6 Qb3 51. Bd6 1-0

[Event "Basel Easter op"]
[Site "Basel"]
[Date "2023.04.09"]
[Round "7"]
[White "Zuferi, Enis"]
[Black "Mattenberger, Matthias"]
[Result "1/2-1/2"]
[WhiteElo "2378"]
[BlackElo "2159"]
[PlyCount "94"]
[EventDate "2023.04.06"]
[EventType "swiss"]
[EventRounds "9"]
[EventCountry "SUI"]
[SourceTitle "CBM 213 Extra"]
[Source "ChessBase"]
[SourceDate "2023.05.31"]
[SourceVersion "1"]
[SourceVersionDate "2023.05.31"]
[SourceQuality "1"]

1. d4 Nf6 2. c4 e6 3. Nc3 d5 4. cxd5 exd5 5. Bg5 c6 6. e3 h6 7. Bh4 Be7 8. Bd3 0-0 9. Qc2 Ne8 10. Bg3 Nd6 11. Nf3 Re8 12. 0-0 Bf8 13. Rae1 Qf6 14. Be5 Qe7 15. e4 dxe4 16. Nxe4 Nxe4 17. Bxe4 Be6 18. Bh7+ Kh8 19. Bd3 Nd7 20. Bg3 Kg8 21. a3 g6 22. Re3 Bg7 23. Rfe1 Nf8 24. Ne5 Rad8 25. Qc3 Rc8 26. b4 Qd8 27. h4 h5 28. Nf3 Qd7 29. Ne5 Qd8 30. Nf3 Qd7 31. Be5 Bd5 32. Bxg7 Kxg7 33. Bc4 Rxe3 34. Rxe3 Bxc4 35. Qxc4 Ne6 36. Ng5 Nxg5 37. hxg5 Rd8 38. Re4 Qd6 39. Qc5 Qxc5 40. dxc5 Kf8 41. Re3 Rd5 42. f4 Rd4 43. Rf3 Rd5 44. Rb3 Kg7 45. Kf2 f6 46. gxf6+ Kxf6 47. Kf3 Rd2 1/2-1/2

[Event "BL2-Sued 2223"]
[Site "Germany"]
[Date "2022.11.27"]
[Round "4.5"]
[White "Zuferi, Enis"]
[Black "Guliyev, Namig"]
[Result "0-1"]
[WhiteElo "2332"]
[BlackElo "2542"]
[PlyCount "62"]
[EventDate "2022.10.22"]
[EventType "team-tourn"]
[EventRounds "9"]
[EventCountry "GER"]
[SourceTitle "EXT 2024"]
[Source "ChessBase"]
[SourceDate "2023.10.10"]
[SourceVersion "1"]
[SourceVersionDate "2023.10.10"]
[SourceQuality "1"]
[WhiteTeam "Heilbronn"]
[BlackTeam "Eppingen"]
[WhiteTeamCountry "GER"]
[BlackTeamCountry "GER"]

1. d4 d5 2. c4 dxc4 3. e4 Nf6 4. e5 Nd5 5. Bxc4 Bf5 6. Ne2 e6 7. Nbc3 Nb6 8. Bb3 Nc6 9. 0-0 Qd7 10. Be3 Be7 11. Rc1 Rd8 12. Ng3 Bg6 13. d5 Nxd5 14. Nxd5 exd5 15. f4 f5 16. exf6 gxf6 17. f5 Bf7 18. Nh5 Rg8 19. Nf4 Qxf5 20. Qe2 Qe5 21. Kh1 Rg7 22. Nd3 Qe4 23. Rf4 Qe6 24. Qf2 Ne5 25. Nc5 Bxc5 26. Bxc5 Nd3 27. Qf1 Nxc1 28. Qxc1 Bg6 29. Bd4 Be4 30. Rf2 Kd7 31. Qd2 Rdg8 0-1

[Event "Eberstadt"]
[Site "Eberstadt"]
[Date "2022.09.03"]
[Round "8"]
[White "Richter, Nils"]
[Black "Zuferi, Enis"]
[Result "1/2-1/2"]
[WhiteElo "2328"]
[BlackElo "2344"]
[PlyCount "78"]
[EventDate "2022.08.27"]
[EventType "tourn"]
[EventRounds "9"]
[EventCountry "GER"]
[EventCategory "5"]
[SourceTitle "CBM 210 Extra"]
[Source "ChessBase"]
[SourceDate "2022.11.30"]
[SourceVersion "1"]
[SourceVersionDate "2022.11.30"]
[SourceQuality "1"]

1. Nf3 Nf6 2. c4 c5 3. Nc3 d5 4. cxd5 Nxd5 5. e3 Nxc3 6. dxc3 Qxd1+ 7. Kxd1 Bf5 8. Nd2 Nc6 9. e4 Bd7 10. Kc2 g6 11. a4 Bh6 12. Bb5 0-0-0 13. f3 f6 14. h4 Kc7 15. h5 Be6 16. Nb3 Bxb3+ 17. Kxb3 Na5+ 18. Ka3 Bxc1 19. Raxc1 a6 20. b4 axb5 21. bxa5 g5 22. Rb1 bxa4 23. Rb5 Rd3 24. Rxc5+ Kb8 25. Kxa4 Rc8 26. Rxc8+ Kxc8 27. Kb4 Rd2 28. Rg1 Kd7 29. Kc5 Kc7 30. Ra1 Rxg2 31. a6 bxa6 32. Rxa6 Rh2 33. Ra7+ Kd8 34. Kd5 Rxh5 35. Ke6 g4 36. f4 g3 37. Ra8+ Kc7 38. Rg8 Rh3 39. Kxe7 h5 1/2-1/2

[Event "Eberstadt"]
[Site "Eberstadt"]
[Date "2022.09.02"]
[Round "7"]
[White "Zuferi, Enis"]
[Black "Murphy, Conor"]
[Result "0-1"]
[WhiteElo "2344"]
[BlackElo "2391"]
[PlyCount "82"]
[EventDate "2022.08.27"]
[EventType "tourn"]
[EventRounds "9"]
[EventCountry "GER"]
[EventCategory "5"]
[SourceTitle "CBM 210 Extra"]
[Source "ChessBase"]
[SourceDate "2022.11.30"]
[SourceVersion "1"]
[SourceVersionDate "2022.11.30"]
[SourceQuality "1"]

1. d4 d5 2. c4 e6 3. Nc3 Nf6 4. Nf3 Nbd7 5. Bf4 Bb4 6. cxd5 exd5 7. e3 Ne4 8. Nd2 Nxc3 9. bxc3 Bxc3 10. Rc1 Ba5 11. Bd3 c6 12. Bd6 Nf6 13. Ba3 Bc7 14. 0-0 Bd6 15. Bb2 0-0 16. f3 Re8 17. Re1 Be6 18. Nb3 Qc7 19. h3 Rad8 20. Qc2 g6 21. g4 Bb4 22. Rf1 Qg3+ 23. Qg2 Qxg2+ 24. Kxg2 Bc8 25. Kf2 Re7 26. Rc2 h5 27. Re2 Kg7 28. Rc1 hxg4 29. hxg4 Rh8 30. Kg2 Rhe8 31. Kf2 Rh8 32. Kg2 Bd6 33. Rh1 Ree8 34. g5 Nh5 35. Ree1 Bb4 36. Re2 Bd6 37. Ree1 Be7 38. f4 Bb4 39. f5 Bxe1 40. f6+ Kg8 41. Rxe1 Nf4+ 0-1

[Event "Eberstadt"]
[Site "Eberstadt"]
[Date "2022.08.31"]
[Round "5"]
[White "Zuferi, Enis"]
[Black "Miezis, Normunds"]
[Result "0-1"]
[WhiteElo "2344"]
[BlackElo "2444"]
[PlyCount "56"]
[EventDate "2022.08.27"]
[EventType "tourn"]
[EventRounds "9"]
[EventCountry "GER"]
[EventCategory "5"]
[SourceTitle "CBM 210 Extra"]
[Source "ChessBase"]
[SourceDate "2022.11.30"]
[SourceVersion "1"]
[SourceVersionDate "2022.11.30"]
[SourceQuality "1"]

1. d4 Nf6 2. c4 e6 3. Nc3 Bb4 4. e3 0-0 5. Bd2 c5 6. a3 Bxc3 7. Bxc3 Ne4 8. Ne2 d6 9. dxc5 dxc5 10. Qc2 f5 11. f3 Nxc3 12. Nxc3 Nc6 13. Bd3 Qh4+ 14. g3 Qh6 15. f4 e5 16. 0-0-0 Be6 17. h4 Rad8 18. h5 Qf6 19. Nd5 Qf7 20. g4 exf4 21. h6 g6 22. Qc3 fxe3 23. gxf5 Bxd5 24. fxg6 Qf6 25. cxd5 Qxc3+ 26. bxc3 Ne5 27. gxh7+ Kh8 28. Rhe1 Ng4 0-1

[Event "Eberstadt"]
[Site "Eberstadt"]
[Date "2022.08.29"]
[Round "3"]
[White "Zuferi, Enis"]
[Black "Deuer, Marius"]
[Result "1-0"]
[WhiteElo "2344"]
[BlackElo "2303"]
[PlyCount "99"]
[EventDate "2022.08.27"]
[EventType "tourn"]
[EventRounds "9"]
[EventCountry "GER"]
[EventCategory "5"]
[SourceTitle "CBM 210 Extra"]
[Source "ChessBase"]
[SourceDate "2022.11.30"]
[SourceVersion "1"]
[SourceVersionDate "2022.11.30"]
[SourceQuality "1"]

1. d4 Nf6 2. c4 e6 3. Nc3 Bb4 4. e3 0-0 5. Bd3 d5 6. a3 Bxc3+ 7. bxc3 c5 8. Ne2 dxc4 9. Bxc4 Qc7 10. Bd3 Nc6 11. 0-0 e5 12. Ng3 Rd8 13. f4 exd4 14. cxd4 Qe7 15. h3 Be6 16. Bb2 Bxh3 17. gxh3 Qxe3+ 18. Kh2 Nxd4 19. Bxd4 Qxd4 20. Rf3 Qb2+ 21. Kh1 c4 22. Rb1 Qa2 23. Qe2 Qxe2 24. Bxe2 Rac8 25. Rc3 b6 26. Rxc4 Rxc4 27. Bxc4 Rc8 28. Rd1 g6 29. Rd4 Re8 30. Kg2 Re3 31. Bd3 Re1 32. a4 Kg7 33. Bb5 h5 34. f5 Re5 35. Kf3 Rc5 36. fxg6 fxg6 37. Ne4 Rf5+ 38. Kg3 h4+ 39. Kg2 Nd5 40. Nd6 Rg5+ 41. Kf2 Rh5 42. Be2 Re5 43. Bf3 Nc7 44. Rf4 Rc5 45. Rxh4 b5 46. a5 Rc2+ 47. Kg3 Ra2 48. Rf4 Kg8 49. Nxb5 g5 50. Rg4 1-0

[Event "Eberstadt"]
[Site "Eberstadt"]
[Date "2022.08.27"]
[Round "1"]
[White "Zuferi, Enis"]
[Black "Koelle, Tobias"]
[Result "1/2-1/2"]
[WhiteElo "2344"]
[BlackElo "2433"]
[PlyCount "83"]
[EventDate "2022.08.27"]
[EventType "tourn"]
[EventRounds "9"]
[EventCountry "GER"]
[EventCategory "5"]
[SourceTitle "CBM 210 Extra"]
[Source "ChessBase"]
[SourceDate "2022.11.30"]
[SourceVersion "1"]
[SourceVersionDate "2022.11.30"]
[SourceQuality "1"]

1. d4 Nf6 2. c4 e6 3. Nc3 Bb4 4. e3 0-0 5. Bd2 c5 6. a3 Bxc3 7. Bxc3 Ne4 8. Ne2 b6 9. f3 Nxc3 10. Nxc3 cxd4 11. Qxd4 Nc6 12. Qf4 Ba6 13. Rd1 Rc8 14. b4 Ne7 15. b5 Bb7 16. Be2 d5 17. Ne4 Rc7 18. Kf2 Ng6 19. Qg3 Rd7 20. Nd2 Qe7 21. cxd5 exd5 22. Nb3 Qxa3 23. Nd4 Re8 24. f4 Qe7 25. h4 Nf8 26. Bg4 Rc7 27. Rhe1 Rc3 28. Rc1 Qc5 29. Rxc3 Qxc3 30. Re2 a5 31. Rc2 Qb4 32. Bh3 a4 33. Nf5 Ne6 34. Nh6+ Kf8 35. Bxe6 gxh6 36. f5 d4 37. Qe5 dxe3+ 38. Kg3 Qe1+ 39. Kh3 Qh1+ 40. Kg3 Qe1+ 41. Kh3 Qh1+ 42. Kg3 1/2-1/2

[Event "Oberliga Wuerttemberg 2122"]
[Site "Wuerttemberg"]
[Date "2021.09.19"]
[Round "1.4"]
[White "Zuferi, Enis"]
[Black "Koellner, Aaron Noah"]
[Result "0-1"]
[WhiteElo "2335"]
[BlackElo "2162"]
[PlyCount "112"]
[EventDate "2021.09.19"]
[EventType "team-tourn"]
[EventRounds "9"]
[EventCountry "GER"]
[SourceTitle "EXT 2023"]
[Source "ChessBase"]
[SourceDate "2022.10.05"]
[SourceVersion "1"]
[SourceVersionDate "2022.10.05"]
[SourceQuality "1"]
[WhiteTeam "Heilbronn"]
[BlackTeam "Deizisau II"]
[WhiteTeamCountry "GER"]
[BlackTeamCountry "GER"]

1. Nf3 c5 2. g3 b6 3. Bg2 Bb7 4. 0-0 e6 5. c4 Be7 6. b3 Nf6 7. Bb2 0-0 8. Nc3 d5 9. Ne5 Nbd7 10. d4 cxd4 11. Qxd4 Bc5 12. Qf4 Bd6 13. Nb5 Bb8 14. Rad1 a6 15. Na3 Qe7 16. Nc2 Bd6 17. h3 Rac8 18. Ne3 Ne8 19. cxd5 f6 20. dxe6 fxe5 21. Qf7+ Rxf7 22. exf7+ Kxf7 23. Bxb7 Rd8 24. Bd5+ Kf8 25. Nf5 Qg5 26. f4 Bc5+ 27. Kh2 exf4 28. Rxf4 Ndf6 29. e4 Nxd5 30. exd5 Nf6 31. d6 Rd7 32. Rdf1 Bxd6 33. Nxg7 Bxf4 34. Ne6+ Ke7 35. Nxg5 Rd2+ 36. Kh1 Bxg5 37. Ba3+ Ke6 38. Re1+ Kd5 39. Bc1 Ne4 40. Bxd2 Bxd2 41. Rg1 b5 42. Kg2 Kd4 43. Kf3 Nc3 44. h4 Nxa2 45. Ra1 Nb4 46. Rd1 Kd3 47. g4 Kc2 48. Ke2 Bc3 49. g5 Kxb3 50. Rd7 a5 51. Rxh7 a4 52. g6 a3 53. g7 Bxg7 54. Rxg7 a2 55. Rg1 Nd5 56. Kd3 b4 0-1

[Event "Oberliga Wuerttemberg 1920"]
[Site "Wuerttemberg"]
[Date "2020.03.01"]
[Round "8.1"]
[White "Zuferi, Enis"]
[Black "Plat, Vojtech"]
[Result "1/2-1/2"]
[WhiteElo "2290"]
[BlackElo "2599"]
[PlyCount "30"]
[EventDate "2019.09.15"]
[EventType "team-tourn"]
[EventRounds "9"]
[EventCountry "GER"]
[SourceTitle "EXT 2021"]
[Source "ChessBase"]
[SourceDate "2020.10.23"]
[SourceVersion "1"]
[SourceVersionDate "2020.10.23"]
[SourceQuality "1"]
[WhiteTeam "Heilbronn"]
[BlackTeam "Weiler im Allgaeu"]
[WhiteTeamCountry "GER"]
[BlackTeamCountry "GER"]

1. Nf3 g6 2. d4 Nf6 3. c4 Bg7 4. Nc3 d5 5. Qb3 dxc4 6. Qxc4 0-0 7. e4 Nfd7 8. Be3 Nc6 9. 0-0-0 Nb6 10. Qb3 Bg4 11. d5 Ne5 12. h3 Bxf3 13. gxf3 c6 14. f4 Ned7 15. Kb1 cxd5 1/2-1/2

[Event "Oberliga Wuerttemberg 1920"]
[Site "Wuerttemberg"]
[Date "2019.12.01"]
[Round "4.1"]
[White "Zuferi, Enis"]
[Black "Dabo Peranic, Robert"]
[Result "1-0"]
[WhiteElo "2290"]
[BlackElo "2322"]
[PlyCount "65"]
[EventDate "2019.09.15"]
[EventType "team-tourn"]
[EventRounds "9"]
[EventCountry "GER"]
[SourceTitle "EXT 2021"]
[Source "ChessBase"]
[SourceDate "2020.10.23"]
[SourceVersion "1"]
[SourceVersionDate "2020.10.23"]
[SourceQuality "1"]
[WhiteTeam "Heilbronn"]
[BlackTeam "Deizisau"]
[WhiteTeamCountry "GER"]
[BlackTeamCountry "GER"]

1. d4 d5 2. c4 e6 3. Nc3 c5 4. cxd5 exd5 5. Nf3 Nc6 6. dxc5 d4 7. Na4 Bxc5 8. Nxc5 Qa5+ 9. Bd2 Qxc5 10. Rc1 Qb6 11. e3 Nf6 12. Bc4 0-0 13. 0-0 Bg4 14. exd4 Rad8 15. Bc3 Ne5 16. Be2 Nxf3+ 17. Bxf3 Bxf3 18. Qxf3 Nd5 19. Rfe1 Qd6 20. Ba5 Rc8 21. Qf5 Rxc1 22. Rxc1 b6 23. Bd2 g6 24. Qe4 f6 25. h4 Kf7 26. h5 Re8 27. hxg6+ hxg6 28. Qh4 Re2 29. Qh7+ Ke6 30. Qxg6 Rxd2 31. Re1+ Kd7 32. Qe8+ Kc7 33. Rc1+ 1-0